Contesting the Saudi State : (Record no. 14677)
[ view plain ]
| 000 -LEADER | |
|---|---|
| fixed length control field | 02054cam a2200445 a 4500 |
| 001 - CONTROL NUMBER | |
| control field | 14725169 |
| 005 - DATE AND TIME OF LATEST TRANSACTION | |
| control field | 20070725105737.0 |
| 008 - FIXED-LENGTH DATA ELEMENTS--GENERAL INFORMATION | |
| fixed length control field | 070206s2007 enkb b 001 0 eng |
| 010 ## - LIBRARY OF CONGRESS CONTROL NUMBER | |
| LC control number | 2007295522 |
| 015 ## - NATIONAL BIBLIOGRAPHY NUMBER | |
| National bibliography number | GBA672050 |
| Source | bnb |
| 016 7# - NATIONAL BIBLIOGRAPHIC AGENCY CONTROL NUMBER | |
| Record control number | 013536958 |
| Source | Uk |
| 020 ## - INTERNATIONAL STANDARD BOOK NUMBER | |
| International Standard Book Number | 0521858364 (hbk.) |
| 020 ## - INTERNATIONAL STANDARD BOOK NUMBER | |
| International Standard Book Number | 9780521858366 (hbk.) |
| 035 ## - SYSTEM CONTROL NUMBER | |
| System control number | (OCoLC)ocm71164298 |
| 035 ## - SYSTEM CONTROL NUMBER | |
| System control number | (OCoLC)71164298 |
| 040 ## - CATALOGING SOURCE | |
| Original cataloging agency | UKM |
| Transcribing agency | UKM |
| Modifying agency | BAKER |
| -- | BWKUK |
| -- | YDXCP |
| -- | DLC |
| 042 ## - AUTHENTICATION CODE | |
| Authentication code | lccopycat |
| 043 ## - GEOGRAPHIC AREA CODE | |
| Geographic area code | a-su--- |
| 050 00 - LIBRARY OF CONGRESS CALL NUMBER | |
| Classification number | DS215 |
| Item number | .A385 2007 |
| 082 04 - DEWEY DECIMAL CLASSIFICATION NUMBER | |
| Classification number | 320.9538 |
| Edition number | 22 |
| Item number | RAS |
| 100 1# - MAIN ENTRY--PERSONAL NAME | |
| Personal name | Al-Rasheed, Madawi. |
| 9 (RLIN) | 17553 |
| 245 10 - TITLE STATEMENT | |
| Title | Contesting the Saudi State : |
| Remainder of title | Islamic Voices from a New Generation / |
| Statement of responsibility, etc | Madawi Al-Rasheed. |
| 260 ## - PUBLICATION, DISTRIBUTION, ETC. (IMPRINT) | |
| Place of publication, distribution, etc | Cambridge, UK ; |
| -- | New York : |
| Name of publisher, distributor, etc | Cambridge University Press, |
| Date of publication, distribution, etc | 2007. |
| 300 ## - PHYSICAL DESCRIPTION | |
| Extent | xxi, 308 p. : |
| Other physical details | maps ; |
| Dimensions | 24 cm. |
| 490 #0 - Series Statement | |
| -- | 11831 |
| Series statement | Cambridge Middle East studies ; |
| Volume/sequential designation | 25 |
| 504 ## - BIBLIOGRAPHY, ETC. NOTE | |
| Bibliography, etc | Includes bibliographical references (p. 263-302) and indexes. |
| 541 ## - IMMEDIATE SOURCE OF ACQUISITION NOTE | |
| Source of acquisition | Dr. Bassem Ahmed ; |
| 650 #0 - SUBJECT ADDED ENTRY--TOPICAL TERM | |
| Topical term or geographic name as entry element | Saudi Arabia |
| General subdivision | Intellectual life |
| Chronological subdivision | 20th century. |
| 9 (RLIN) | 17554 |
| 650 #0 - SUBJECT ADDED ENTRY--TOPICAL TERM | |
| Topical term or geographic name as entry element | Saudi Arabia |
| General subdivision | Intellectual life |
| Chronological subdivision | 21st century. |
| 9 (RLIN) | 17555 |
| 650 #0 - SUBJECT ADDED ENTRY--TOPICAL TERM | |
| Topical term or geographic name as entry element | Dissenters |
| Geographic subdivision | Saudi Arabia. |
| 9 (RLIN) | 17556 |
| 650 #0 - SUBJECT ADDED ENTRY--TOPICAL TERM | |
| Topical term or geographic name as entry element | Political culture |
| Geographic subdivision | Saudi Arabia. |
| 9 (RLIN) | 17557 |
| 650 #0 - SUBJECT ADDED ENTRY--TOPICAL TERM | |
| Topical term or geographic name as entry element | Islam and politics |
| Geographic subdivision | Saudi Arabia. |
| 9 (RLIN) | 17558 |
| 651 #0 - SUBJECT ADDED ENTRY--GEOGRAPHIC NAME | |
| Geographic name | Saudi Arabia |
| General subdivision | Politics and government |
| Chronological subdivision | 21st century. |
| 9 (RLIN) | 17559 |
| 856 42 - ELECTRONIC LOCATION AND ACCESS | |
| Materials specified | Publisher description |
| Uniform Resource Identifier | <a href="http://www.loc.gov/catdir/enhancements/fy0708/2007295522-d.html">http://www.loc.gov/catdir/enhancements/fy0708/2007295522-d.html</a> |
| 856 41 - ELECTRONIC LOCATION AND ACCESS | |
| Materials specified | Table of contents only |
| Uniform Resource Identifier | <a href="http://www.loc.gov/catdir/enhancements/fy0708/2007295522-t.html">http://www.loc.gov/catdir/enhancements/fy0708/2007295522-t.html</a> |
| 856 42 - ELECTRONIC LOCATION AND ACCESS | |
| Materials specified | Contributor biographical information |
| Uniform Resource Identifier | <a href="http://www.loc.gov/catdir/enhancements/fy0733/2007295522-b.html">http://www.loc.gov/catdir/enhancements/fy0733/2007295522-b.html</a> |
| 942 ## - ADDED ENTRY ELEMENTS (KOHA) | |
| Source of classification or shelving scheme | Dewey Decimal Classification |
| Item type | Book - Borrowing |
| Withdrawn status | Item status | Source of classification or shelving scheme | Damaged status | Not for loan | Vendor | Home library | Current library | Shelving location | Date acquired | Source of acquisition | Total Checkouts | Total Renewals | Full call number | Barcode | Date last seen | Date last borrowed | Koha item type | Public note |
|---|---|---|---|---|---|---|---|---|---|---|---|---|---|---|---|---|---|---|
| Dewey Decimal Classification | Donation-Gift | Central Library | Central Library | First floor | 22/08/2010 | Donation | 3 | 10 | 320.9538 RAS | 000021723 | 15/07/2025 | 25/11/2015 | Book - Borrowing | Donated by: Dr. Bassem Ahmed |